000 00518cam a22002171 4500
001 sa 68007541
003 DLC
005 20260227112523.0
008 900208s1967 ii 000 1 hino
010 _asa 68007541
035 _a(OCoLC)21021778
040 _aDLC
_cWaU
_dDLC
042 _apremarc
050 0 0 _aPK2098.12.G72
_bJ5
100 1 _aAgravāla, Rāmakr̥shṇa.
245 1 0 _aJīvana-jyoti.
260 _c[1967 or 8]
300 _a126 p.
_c19 cm.
500 _aIn Hindi.
500 _aShort stories.
999 _c81881
_d81881